000 00485nam a2200181Ia 4500
005 20250326130030.0
008 250326s9999 xx 000 0 und d
037 _aTextbook
040 _aFMSL
_beng
_cFMSL
041 _aeng
_2eng
084 _aS(T:5):7 N0
_qFMSL
100 _aMandell M M
245 0 _aSelection process
_cMandell M M
260 _aBombay
_bBombay, D B Taraforevala
_c1970
300 _a512p
942 _cTB
_hS(T:5):7 N0
999 _c1280627
_d1280627